000 00442nam a2200181Ia 4500
005 20240823005947.0
008 240823s9999||||xx |||||||||||||| ||und||
041 _aENGLISH
082 _A"620,112 N8"
100 _aJindal U C
245 0 _aElementary Strength of Materials
250 _a1st
260 _c1998
_b"Galgotia,New Delhi"
500 _aYES
650 _aMaterials
_bAeronautical Engineering
942 _cBK
999 _c157231
_d157231